000 02290cam a22002891i 4500
003 SA-RiAUC
005 20240925071707.0
008 240924s1985 le g 000 0 ara c
040 _aJO-AmWISE
_bara
_cSA-RiAUC
_erda
082 0 4 _a237.3
_qSA-RiAUC
090 _a237.3
_bت ب ر
100 1 _aالتبريزي، محمد بن عبد الله الخطيب،
_dتوفي 741 هجري
_eمؤلف.
245 1 0 _aمشكاة المصابيح /
_cولي الدين أبو عبد الله محمد بن عبد الله الخطيب العمري التبريزي ؛ تحقيق محمد ناصر الدين الألباني.
250 _aالطبعة الثالثة.
264 1 _aبيروت :
_bالمكتب الإسلامي،
_c1985
300 _a2 مجلد
336 _aنص
_btxt
_2rdacontent
_3كتاب
337 _aبدون وسيط
_bn
_2rdamedia
338 _aمجلد
_bnc
_2rdacarrier
650 7 _aالحديث
_xجوامع الفنون
_2aucsh
650 7 _aالحديث
_xأحكام
_2aucsh
700 1 _aالألباني، محمد ناصر الدين،
_d1914-1999
_eمحقق.
856 _uhttp://www.saaid.net/book/5/888.zip
_yDigital Copy
_2 نرجو الانتباه لإمكانية وجود اختلاف في الطبعة أو الناشر بين البيانات على البوابة وما ستجده على الكتاب نظرا لمحدودية المعلومات المتاحة على الموقع الناشر للمادة.
_3Please note that there may be a difference in the edition or publisher between the data on the portal and the book due to the limited information available on the publisher website for the material.
856 _uhttp://saaid.net/book/open.php?cat=3&book=1691
_yExternal Link
_2 نرجو الانتباه لإمكانية وجود اختلاف في الطبعة أو الناشر بين البيانات على البوابة وما ستجده على الكتاب نظرا لمحدودية المعلومات المتاحة على الموقع الناشر للمادة.
_3Please note that there may be a difference in the edition or publisher between the data on the portal and the book due to the limited information available on the publisher website for the material.
942 _2ddc
_cBOOK
_n0
949 _aSA-JeALM
_d240924
_umohamedma123
_n1
999 _c545
_d545